10 najmniejszych województw 1975-98 - Statystyki

Ogólne statystyki
  • Ten quiz został rozwiązany 27 razy
  • Średni wynik to 7 z 10
Statystyki odpowiedzi
Powierzchnia Województwo % Poprawnych
1524 łódzkie
87%
3254 krakowskie
78%
3788 warszawskie
78%
3960 skierniewickie
74%
4037 legnickie
65%
4154 leszczyńskie
65%
3704 bielskie
61%
4151 tarnowskie
61%
4168 wałbrzyskie
57%
3866 chełmskie
39%
Nie znaleziono quizów pasujących do podanych kryteriów
Rozkład punktacji
Procent ludzi z każdym wynikiem
Percentyl według liczby udzielonych odpowiedzi
Twoja historia wyników
Nie rozwiązałeś tego quizu